| 000 | 00635nam a2200169 a 4500 | ||
|---|---|---|---|
| 001 | 000043796 | ||
| 005 | 20201002044955.0 | ||
| 008 | 140501s2014 pn ac 000 0 spa d | ||
| 020 | _a9789962056607 | ||
| 040 |
_aDO-SdBNP _bspa _cBNPHU |
||
| 100 | 1 |
_aDel Cid Felipe, José Alberto _971629 |
|
| 245 | 1 | 0 |
_aRúbrica Histórica e Iconografía sobre el 9 de Enero de 1964. / _cJosé Alberto Del Cid Felipe; prólogo Marcos Ramírez Gómez. |
| 246 | 1 | 2 | _aIconografía sobre el 9 de enero de 1964 |
| 260 |
_aPanama, : _bUniversidad de Panamá, _c2014. |
||
| 504 | _aBibliografía p: 123-124 | ||
| 700 | 1 | 2 |
_aRamírez Gómez, Marcos _eprol. _971630 |
| 999 |
_c43285 _d43285 |
||